Southville International School and Colleges
Your cart is empty.
  • Cart
  • Lists
    Public lists Eva Luna New books Lux_list list_1
    Your lists Log in to create your own lists
  • Log in to your account
  • Your cookies
  • Search history
Southville International School and Colleges
  • Advanced search
  • Recent comments
  • Most popular
  • Libraries

Log in to your account

Log in with GOOGLE


If you do not have an external account, but do have a local account, you can still log in:

  1. Home
  2. MARC view: Art inspired by different cultures /
Normal view MARC view ISBD view

Art inspired by different cultures / (Record no. 344649)

[ view plain ]
MARC details
000 -LEADER
fixed length control field 00437nam a2200181Ia 4500
008 - FIXED-LENGTH DATA ELEMENTS--GENERAL INFORMATION
fixed length control field 171025s9999 xx 000 0 und d
020 ## - INTERNATIONAL STANDARD BOOK NUMBER
International Standard Book Number 9780007439430
050 ## - LIBRARY OF CONGRESS CALL NUMBER
Classification number 372.5
050 ## - LIBRARY OF CONGRESS CALL NUMBER
Item number C785 2011
100 ## - MAIN ENTRY--PERSONAL NAME
Personal name Coppock, Lilian
245 ## - TITLE STATEMENT
Title Art inspired by different cultures /
245 ## - TITLE STATEMENT
Statement of responsibility, etc by Lilian Coppock.
260 ## - PUBLICATION, DISTRIBUTION, ETC. (IMPRINT)
Place of publication, distribution, etc London :
260 ## - PUBLICATION, DISTRIBUTION, ETC. (IMPRINT)
Name of publisher, distributor, etc Belair,
260 ## - PUBLICATION, DISTRIBUTION, ETC. (IMPRINT)
Date of publication, distribution, etc 2011
300 ## - PHYSICAL DESCRIPTION
Extent 72 pages :
300 ## - PHYSICAL DESCRIPTION
Other physical details illustrations ;
Holdings
Withdrawn status Lost status Damaged status Home library Current library Date acquired Total Checkouts Full call number Barcode Date last seen Price effective from Koha item type
      Stonyhurst Southville International School (Malarayat) Stonyhurst Southville International School (Malarayat) 10/25/2017   NF 372.5 C785 2011 SSISM3702 10/25/2017 10/25/2017 Books

Art inspired by different cultures /

APA

Coppock L., .Art inspired by different cultures. London: .

Chicago

Coppock Lilian, .Art inspired by different cultures. London: .

Harvard

Coppock L., .Art inspired by different cultures. London: .

MLA

Coppock Lilian, .London: . .

  • Place hold
  • Print
  • Cite
  • Add to your cart (remove)
  • Save record
    BIBTEX Dublin Core MARCXML MARC (non-Unicode/MARC-8) MARC (Unicode/UTF-8) MARC (Unicode/UTF-8, Standard) MODS (XML) RIS
  • More searches
    Search for this title in:
    Other Libraries (WorldCat) Other Databases (Google Scholar) Online Stores (Bookfinder.com) Open Library (openlibrary.org)

Exporting to Dublin Core...

SOUTHVILLE LIBRARY

Southville International School and Colleges Library

1281 Tropical Ave. Cor. Luxembourg St., BF Homes International, Las Pinas City

Tel. No. 8256374 / 252358 Loc. 117/146

Powered by Koha